| 000 | 00538nam a2200181Ia 4500 | ||
|---|---|---|---|
| 003 | OSt | ||
| 005 | 20220309135853.0 | ||
| 008 | 190216s9999||||xx |||||||||||||| ||und|| | ||
| 020 | _a9788888016726 | ||
| 040 | _coclc | ||
| 082 |
_a894.812 _bAYY/K |
||
| 100 |
_aAyyappan, Sabari K _97430 |
||
| 245 | 0 |
_aKumaranasan Rajalakshmi Oru Punarvayana / _cSabari K Ayyappan |
|
| 260 |
_bLipi Publications, _c2013. _aKozhikode: |
||
| 300 | _a111p | ||
| 650 | _aNiroopanam | ||
| 942 |
_cBK _2ddc _h894.812 _iAYY/K _k894.812 _mAYY/K |
||
| 999 |
_c29970 _d29970 |
||